000
00293nam a2200109Ia 4500
008
200302s9999 xx 000 0 und d
100
_a
Hywel G. Harris
245
_a
390 Traditional Stained Glass Designs
260
_b
Dover Publication Inc mineola /New York
260
_c
1996
300
_a
78 P.,
999
_c
4230
_d
4230